01350 2200505 4500001002100000005001500021035002500036008004100061020002200102040001700124082001700141084002300158100001100181245006800192260003100260300003000291650002400321700002200345850001200367007000300379090002000382090002400402090002100426041000800447504003000455999002100485990002100506990001800527990001800545990001800563990001800581990001800599990001800617990002000635990002000655990002000675990002100695990001800716990001800734990001800752990001800770990001800788990001800806990002000824INLIS00000000000668920190813103358 a0010-061500000000810150620s2013 yoi g ind d a978-602-258-098-0 aYOPDYOGbind04223a899.2256 aNUS 899.2256 ROD s0 aRodjot10aSyair kerajaan Sintang /cRodjot; Penerjemah, Helius Sjamsuddin3 aYogyakarta :bOmbak,c2013 axvi, 154 halaman ;c23 cm 4aKesusastraan Banjar0 aHelius Sjamsuddin aYOPDYOGta a899.2256 ROD s aDEP 899.2256 ROD s aCB-D.11 2013-9240 aind aBibliografi : halaman 153 aCB-D.11/2013-924 aCB-D.11/2013-924 a12771-PD/B.15 a12772-PD/B.15 a12773-PD/B.15 a16052-PD/B.15 a16053-PD/B.15 a16054-PD/B.15 a42102-PD/B.2019 a42103-PD/B.2019 a42102-PD/B.2019 aCB-D.11/2013-924 a12771-PD/B.15 a12772-PD/B.15 a12773-PD/B.15 a16052-PD/B.15 a16053-PD/B.15 a16054-PD/B.15 a42103-PD/B.2019